000 02753nam0a2200409 4500
001 RU\NLR\bibl\1444477
005 20260407212016.0
021 _aRU
_b2009-79724
_94997
035 _a(nilc)RSL-KNO-004391109
035 _a(NLR Aleph) 001436320
090 _a1434652
_c1434652
100 _a20090930d2009 |||y0rusy50 ca
101 0 _arus
102 _aRU
105 _aa |||||||||
200 1 _aИспользование мировых генетических ресурсов ВИР в создании сортов картофеля нового поколения
_eматериалы Всероссийской научно-координационной конференции, посвященной 100-летию со дня рождения академика Константина Захаровича Будина, Санкт-Петербург, 28-29 июля 2009 года
_f[сост. - д.б.н. С.Д. Киру
_gпод ред. д.б.н., проф. Н.И. Дзюбенко]
210 _aСанкт-Петербург
_cГНУ ГНЦ РФ ВИР
_d2009
_eБ. м.
_gИПК "КОСТА"
215 _a274, [1] с.
_cил., табл.
_d20
300 _aВ надзаг.: Рос. акад. с.-х. наук, Вавилов. о-во генетиков и селекционеров, Сев.-Зап. регион. науч. центр Россельхозакадемии, ГНУ ГНЦ РФ "Всерос, НИИ растениеводства им. Н.И. Вавилова" РАСХН
320 _aБиблиогр. в конце докл.
600 1 _aБудин
_bК.З.
_f1909 - 1999
_gКонстантин Захарович
_91195957
_3RU\NLR\auth\66165459
606 1 _aКартофель
_jСъезды, совещания и т.п.
_xГенетические ресурсы
_xИспользование в селекции
_92607879
_3RU\NLR\auth\661544437
686 _aП215.1-31я431(2)
_2rubbk
686 _aП13д(2)Будин
686 _aП215.1-31я431
702 1 _aКиру
_bС. Д.
_gСтепан Димитрович
_4220
702 1 _aДзюбенко
_bН. И.
_gНиколай Иванович
_4340
702 1 _4570
_7ca
_8rus
_aБудин
_bК. З.
_f1909-1999
_gКонстантин Захарович
_9246051
_3RU\NLR\AUTH\770246107
711 1 2 _aВсероссийская научно-координационная конференция по селекции картофеля
_f2009
_eСанкт-Петербург
_3RU\NLR\AUTH\8810141169
_9777194
801 0 _aRU
_bРГБ
_c20090930
_grcr
801 1 _aRU
_bРГБ
_c20090930
801 2 _aRU
_bNLR
_c20091127
_grcr
830 _aред. и даты жизни Будина по ЭК
942 _cBOOK
980 _aNB